Chinese History 101 Quiz #11 - Statistics

General Stats
  • This quiz has been taken 276 times
  • The average score is 5 of 10
Answer Stats
Question Answer % Correct
How did Deng Xiaoping judge Mao Zedong? 7 parts good, 3 parts bad
80%
What is the "One Belt One Road Initiative"? China's effort to assert its influence in many Afro-Eurasian countries by investing in infrastructure projects
70%
What is the "50 Cent Party"? Chinese online commentators spreading Communist propaganda on social media
60%
When was martial law lifted in Taiwan? 1987
55%
Who made an emotional plea to the students to end the hunger strike at Tiananmen Square in 1989, just days before the government crackdown? General Secretary Zhao Ziyang
50%
What was the significance of Deng Xiaoping's tour of southern China in 1992? He made important speeches ensuring the Reform and Opening-up program continued in China
50%
When was Macau returned to China? 1999
45%
What does "black gold" refer to in Taiwan? Taiwanese politicians taking bribes
35%
Which faction was President Hu Jintao from? Youth League Faction
35%
Which of the followings is NOT one of the Special Economic Zones (SEZ) in China? Qingdao
20%
No matching quizzes found
Score Distribution
Percent of People with Each Score
Percentile by Number Answered
Your Score History
You have not taken this quiz